[Event "ROM-chT Blitz"]
[Site "Sebes"]
[Date "2022.12.04"]
[Round "1.10"]
[White "David, Alexandru Vasile"]
[Black "Tinta, Gheorghe"]
[Result "1-0"]
[WhiteElo "2404"]
[BlackElo "1860"]
[PlyCount "91"]
[EventDate "2022.12.04"]
[EventType "team-swiss (blitz)"]
[EventRounds "8"]
[EventCountry "ROU"]
[SourceTitle "CBM 211 Extra"]
[Source "ChessBase"]
[SourceDate "2023.01.31"]
[SourceVersion "1"]
[SourceVersionDate "2023.01.31"]
[SourceQuality "1"]
[WhiteTeam "Arad Vados"]
[BlackTeam "Medgidia"]
[WhiteTeamCountry "ROU"]
[BlackTeamCountry "ROU"]

1. d4 g6 2. c4 Bg7 3. e4 d6 4. Nc3 Nf6 5. Nf3 0-0 6. Be2 c5 7. 0-0 cxd4 8. Nxd4 Nc6 9. Be3 a6 10. f3 Bd7 11. a4 Rb8 12. Rc1 Qa5 13. b3 Ne5 14. Qd2 Rfc8 15. Rfd1 Nc6 16. Nc2 Ne8 17. Nd5 Qxd2 18. Bxd2 e6 19. Nb6 Rd8 20. Bg5 f6 21. Bf4 e5 22. Nxd7 Rxd7 23. Be3 f5 24. Bd3 f4 25. Bf2 Nf6 26. Be2 Rbd8 27. Rd2 a5 28. Rcd1 Nb4 29. Nxb4 axb4 30. Bb6 Rc8 31. Ba5 g5 32. Bxb4 h5 33. Bxd6 Rcd8 34. Bb4 Rxd2 35. Rxd2 Rxd2 36. Bxd2 Bf8 37. b4 Nd7 38. c5 Nb8 39. Bc4+ Kg7 40. Bd5 b6 41. cxb6 Kf6 42. Kf1 Na6 43. b5 Nc5 44. a5 Bd6 45. a6 g4 46. a7 1-0

[Event "ROM-chT Blitz"]
[Site "Sebes"]
[Date "2022.12.04"]
[Round "8.26"]
[White "Tinta, Gheorghe"]
[Black "Badau, Iancu Daniel"]
[Result "0-1"]
[WhiteElo "1860"]
[BlackElo "1792"]
[PlyCount "75"]
[EventDate "2022.12.04"]
[EventType "team-swiss (blitz)"]
[EventRounds "8"]
[EventCountry "ROU"]
[SourceTitle "CBM 211 Extra"]
[Source "ChessBase"]
[SourceDate "2023.01.31"]
[SourceVersion "1"]
[SourceVersionDate "2023.01.31"]
[SourceQuality "1"]
[WhiteTeam "Medgidia"]
[BlackTeam "Targu Mures Juvenes II"]
[WhiteTeamCountry "ROU"]
[BlackTeamCountry "ROU"]

1. d4 d5 2. Nf3 Nf6 3. g3 c5 4. Bg2 e6 5. 0-0 Nc6 6. c3 Be7 7. Qa4 0-0 8. Nbd2 Bd7 9. Qc2 Rc8 10. dxc5 Bxc5 11. Qd3 Qc7 12. b4 Bb6 13. Bb2 Ne5 14. Nxe5 Qxe5 15. Nf3 Qd6 16. a4 a6 17. a5 Bb5 18. Qd1 Ba7 19. c4 Rxc4 20. Bxf6 gxf6 21. Qd2 Rfc8 22. Qh6 Qf8 23. Qxf6 Qg7 24. Qe7 R4c7 25. Qh4 Rc4 26. Qh3 Rxb4 27. Rfe1 Rb2 28. Nh4 Bxe2 29. Bxd5 Bg4 30. Qg2 Rxf2 31. Qxf2 Bxf2+ 32. Kxf2 exd5 33. Rad1 Qb2+ 34. Kg1 Be6 35. Ng2 Bh3 36. Nf4 Be6 37. Rf1 Qb4 38. Rf2 0-1

[Event "ROM-chT Blitz"]
[Site "Sebes"]
[Date "2022.12.04"]
[Round "4.26"]
[White "Tinta, Gheorghe"]
[Black "Ionescu, Mihai"]
[Result "0-1"]
[WhiteElo "1860"]
[BlackElo "2243"]
[PlyCount "56"]
[EventDate "2022.12.04"]
[EventType "team-swiss (blitz)"]
[EventRounds "8"]
[EventCountry "ROU"]
[SourceTitle "CBM 211 Extra"]
[Source "ChessBase"]
[SourceDate "2023.01.31"]
[SourceVersion "1"]
[SourceVersionDate "2023.01.31"]
[SourceQuality "1"]
[WhiteTeam "Medgidia"]
[BlackTeam "Family Giroc"]
[WhiteTeamCountry "ROU"]
[BlackTeamCountry "ROU"]

1. d4 d5 2. Nf3 Nf6 3. g3 c6 4. Bg2 Bf5 5. c4 e6 6. cxd5 exd5 7. Nc3 Bd6 8. 0-0 0-0 9. Qb3 Qb6 10. Qxb6 axb6 11. b3 Nbd7 12. Nh4 Bc2 13. Bb2 h6 14. Rac1 Bh7 15. a4 Rfe8 16. Bh3 Bb4 17. e3 Rad8 18. Ne2 Ne4 19. Nf3 g5 20. Bxd7 Rxd7 21. Ne5 Rde7 22. Nd3 Bd6 23. b4 Nd2 24. Rfd1 Nc4 25. Rc2 Ra8 26. Kg2 Rxa4 27. Bc3 Re8 28. f4 Nxe3+ 0-1

[Event "ROM-chT Rapid"]
[Site "Sebes"]
[Date "2022.12.03"]
[Round "3.30"]
[White "Tinta, Gheorghe"]
[Black "Denes, Attila Norbert"]
[Result "0-1"]
[WhiteElo "1860"]
[BlackElo "1755"]
[PlyCount "92"]
[EventDate "2022.12.03"]
[EventType "team-swiss (rapid)"]
[EventRounds "8"]
[EventCountry "ROU"]
[SourceTitle "CBM 211 Extra"]
[Source "ChessBase"]
[SourceDate "2023.01.31"]
[SourceVersion "1"]
[SourceVersionDate "2023.01.31"]
[SourceQuality "1"]
[WhiteTeam "Medgidia"]
[BlackTeam "Targu Mures Juvenes II"]
[WhiteTeamCountry "ROU"]
[BlackTeamCountry "ROU"]

1. d4 d5 2. Nf3 Nf6 3. g3 c6 4. Bg2 Bf5 5. 0-0 h6 6. c4 e6 7. cxd5 cxd5 8. Nc3 Nc6 9. a3 Bd6 10. b4 0-0 11. Nb5 Bb8 12. Bb2 Nd7 13. e3 Nb6 14. Nd2 Bd3 15. Nc3 Bxf1 16. Bxf1 a6 17. Rc1 Bd6 18. Bd3 Rc8 19. Bb1 Ne7 20. Qc2 Ng6 21. h4 f5 22. h5 Nh8 23. Kg2 Nf7 24. f4 Qe8 25. Qd3 Nd8 26. Rh1 Nc6 27. Bc1 Na7 28. Nb3 Na4 29. Nxa4 Qxa4 30. Nc5 Bxc5 31. dxc5 Qb5 32. Qd1 a5 33. Bd3 Qc6 34. Be2 axb4 35. axb4 b6 36. Qd3 bxc5 37. bxc5 Rb8 38. Ba3 Rb7 39. Rc1 Rfb8 40. Qd4 Rb3 41. Qe5 R8b7 42. Rc3 Kh7 43. g4 Rxc3 44. Qxc3 d4+ 45. Bf3 Qxf3+ 46. Kxf3 dxc3 0-1